Report of the 1986 Household Socio-Economic Survey Whole Kingdom
Uložené v:
| Médium: | Kniha |
|---|---|
| Jazyk: | English |
| Vydavateľské údaje: |
Bangkok
National Statistical Office
1986
|
| Vydanie: | 1. ed. |
| Tagy: |
Žiadne tagy, Buďte prvý, kto otaguje tento záznam!
|
MARC
| LEADER | 00000nam a2200000 4500 | ||
|---|---|---|---|
| 001 | c027372 | ||
| 005 | 20221220072601.6 | ||
| 041 | 0 | |a eng | |
| 044 | |a TH | ||
| 245 | 1 | 0 | |a Report of the 1986 Household Socio-Economic Survey |b Whole Kingdom |
| 250 | |a 1. ed. | ||
| 264 | 1 | |a Bangkok |b National Statistical Office |c 1986 | |
| 300 | |a 92 s. | ||